000 00726nam a22002177a 4500
003 OSt
005 20150408114041.0
008 120531s ua kd f |||| 00| 0 ara d
020 _a9789772765890
040 _aMU
082 _221
_a658.8
_bح م خ
100 _aحافظ، محمد عبده
_915370
245 _aالخلطة التسويقية /
_cمحمد عبده حافظ.
250 _aط. 1.
260 _aالقاهرة :
_b المكتب العربي للمعارف،
_c2009
300 _a298 ص. :
_bجداول، رسوم ؛
_c24 سم.
504 _aببليوجرافية : ص. 289-298.
650 _a إدارة التسويق.
_915384
650 _aإدارة المبيعات.
_912321
942 _2ddc
_cDVD
999 _c23896
_d258396